<?xml version="1.0" encoding="UTF-8"?>
<collection xmlns="http://www.loc.gov/MARC21/slim">
 <record>
  <leader>01630nam a2200181Ia 4500</leader>
  <controlfield tag="001">CTU_32842</controlfield>
  <controlfield tag="008">210402s9999    xx            000 0 und d</controlfield>
  <datafield tag="020" ind1=" " ind2=" ">
   <subfield code="b">cần thêm chi tiết mô tả</subfield>
  </datafield>
  <datafield tag="082" ind1=" " ind2=" ">
   <subfield code="a">809</subfield>
  </datafield>
  <datafield tag="082" ind1=" " ind2=" ">
   <subfield code="b">H108</subfield>
  </datafield>
  <datafield tag="100" ind1=" " ind2=" ">
   <subfield code="a">Trần Mạnh Hảo</subfield>
  </datafield>
  <datafield tag="245" ind1=" " ind2="0">
   <subfield code="a">Thơ phản thơ</subfield>
  </datafield>
  <datafield tag="245" ind1=" " ind2="0">
   <subfield code="b">Phê bình thơ</subfield>
  </datafield>
  <datafield tag="245" ind1=" " ind2="0">
   <subfield code="c">Trần Mạnh Hảo</subfield>
  </datafield>
  <datafield tag="520" ind1=" " ind2=" ">
   <subfield code="a">Tập phê bình đề cập đến nghệ thuật thơ Việt Nam đương đại. Tác giả tỏ ý bất bình với những nhà thơ trẻ trong khi đi tìm một phương thức biểu hiện mới để hiện đại thơ Việt Nam đã &quot; đẻ ra &quot; những vần thơ tắc tị, ngoại lai, bí hiểm... rất xa lạ với truyền thống thơ dân tộc. Ngay từ khi mới xuất bản tác phẩm này đã gây nhiều vòng xoáy dư luận trái ngược nhau từ nhiều phía: cả người sáng tác lẫn giới phê bình. Trên thực tế tác phẩm thực sự đã đánh thức không khí phê bình đang &quot; ngủ yên &quot; hay đang tẻ nhạt bởi những bài viết &quot; bốc thơm &quot; vô thưởng vô phạt. Độc giả có thể đọc tác phẩm &quot; Về một &quot;hiện tượng&quot; phê bình &quot; hiện có trong Thư viện để hiểu thêm sách này</subfield>
  </datafield>
  <datafield tag="650" ind1=" " ind2=" ">
   <subfield code="a">vietnamese poetry - history and criticism - 1990</subfield>
  </datafield>
  <datafield tag="904" ind1=" " ind2=" ">
   <subfield code="i">Nguyễn Quang Điền, 990825</subfield>
  </datafield>
  <datafield tag="980" ind1=" " ind2=" ">
   <subfield code="a">Trung tâm Học liệu Trường Đại học Cần Thơ</subfield>
  </datafield>
 </record>
</collection>
